| 000 | 00634nam a2200241Ia 4500 | ||
|---|---|---|---|
| 003 | OSt | ||
| 005 | 20221005124404.0 | ||
| 006 | a|||||r|||| 00| 0 | ||
| 007 | ta | ||
| 008 | 221004b |||||||| |||| 00| 0 eng d | ||
| 024 | _a44347 | ||
| 037 | _cTextual | ||
| 040 |
_aCRL _cCRL _beng |
||
| 041 |
_2eng _aeng |
||
| 082 | _aO164:1x2:K8, 111J2 | ||
| 100 | _aHadi Hasan | ||
| 245 | 0 |
_aMughal poetry _b Its cultural and historical value |
|
| 260 | _c1952 | ||
| 650 | _a ENGLISH LITERATURE | ||
| 650 | _aIRANIAN LITERATURE | ||
| 942 |
_hO164:1x2:K8, 111J2 _cTEXL _2cc |
||
| 999 |
_c1050311 _d1050311 |
||